Una nueva sistematización jurídica de las propiedades especiales: propiedad de las aguas, propiedad de las minas, propiedad intelectual, propiedad industrial, patentes y marcas

Gardado en:
Detalles Bibliográficos
Autor Principal: Rodríguez García, Carlos-Javier (Author)
Formato: Libro
Idioma:Lingua castelá
Publicado: Madrid Dykinson 1992
Edición:2a. ed
Subjects:
Tags: Engadir etiqueta
Sen Etiquetas, Sexa o primeiro en etiquetar este rexistro!

MARC

LEADER 00000nam a2200000 a 4500
001 UCL3237
003 CL-VaPUC
008 031114e19920000SP |||||||||||||||||spa|d
020 |a 8488030428 
082 0 4 |a 346.043  |b ROD  |2 21 
100 |a Rodríguez García, Carlos-Javier  |e author  |9 480527 
245 1 4 |a Una nueva sistematización jurídica de las propiedades especiales: propiedad de las aguas, propiedad de las minas, propiedad intelectual, propiedad industrial, patentes y marcas 
250 |a 2a. ed 
300 |a 199 p 
942 |c BK 
945 |d 20031114 00:00:00  |a cmena 
260 |a Madrid  |b Dykinson  |c 1992 
650 0 |a Derecho privado  |9 258243 
650 0 |a Derecho civil  |9 255013 
650 7 |a PROPIEDADES INMUEBLES  |2 CL-VaPUC  |9 480528 
650 0 |a Propiedad intelectual  |9 256126 
650 0 |a Derecho minero  |9 257109 
650 0 |a Patentes comerciales  |9 480529 
583 |a last modification  |c 20161102 12:49:18  |k Rodrigo Vera 
999 |c 306352  |d 306350 
952 |0 0  |1 0  |4 0  |6 346_043000000000000_ROD_1992  |7 0  |8 A  |9 371303  |a BIBDER  |b BIBDER  |d 2019-11-21  |i 396597K  |o 346.043 ROD 1992  |p 396597K  |r 2023-01-25  |w 2019-11-21  |y BK  |k DER